Statistics for Largest Cities In The U.S. Containing "A"

Click here to take the quiz!

General Stats

  • This quiz has been taken 77 times
  • The average score is 19 of 20

Answer Stats

PopulationStateCity% Correct
3,999,759CaliforniaLos Angeles
100%
884,363CaliforniaSan Francisco
99%
950,715TexasAustin
97%
2,716,450IllinoisChicago
97%
1,341,075TexasDallas
97%
641,676NevadaLas Vegas
97%
643,648OklahomaOklahoma City
97%
1,511,946TexasSan Antonio
97%
863,002IndianaIndianapolis
96%
647,805OregonPortland
96%
724,745WashingtonSeattle
96%
1,580,863PennsylvaniaPhiladelphia
94%
1,419,516CaliforniaSan Diego
94%
611,648MarylandBaltimore
93%
667,560TennesseeNashville
93%
693,972District of ColumbiaWashington D.C.
93%
892,062FloridaJacksonville
88%
1,035,317CaliforniaSan Jose
87%
859,035North CarolinaCharlotte
78%
683,577TexasEl Paso
78%

Score Distribution

Percentile by Number Answered

Percent of People with Each Score

Your Score History

You have not taken this quiz